[Event "Montcalm 6 2024-25"]
[Site "Quebec CAN"]
[Date "2025.04.03"]
[Round "2"]
[White "Dube, Dominic"]
[Black "Duguay-Piron, Simon"]
[Result "1/2-1/2"]
[WhiteElo "1807"]
[BlackElo "1897"]
[WhiteFideId "-1"]
[WhiteFideId "-1"]
[PlyCount "124"]
[GameId "2163250638119316"]
[EventDate "2025.03.27"]
[EventType "swiss"]
[EventRounds "5"]
[EventCountry "CAN"]

1. e4 c5 2. Nf3 Nc6 3. d4 cxd4 4. Nxd4 g6 5. c4 Bg7 6. Be3 Nf6 7. Nc3 Ng4 8. Qxg4 Nxd4 9. Qd1 Ne6 10. Qd2 Qa5 11. Nd1 Qxd2+ 12. Bxd2 Nc5 13. f3 d6 14. Bc3 Bxc3+ 15. Nxc3 Be6 16. b3 a5 17. Nb5 O-O 18. Be2 Rfc8 19. Nd4 Kf8 20. Kd2 Bd7 21. Bd3 e5 22. Ne2 Ke7 23. Rhf1 f5 24. Nc3 Be6 25. Rae1 f4 26. Bc2 g5 27. Rd1 h5 28. Ke1 Rg8 29. Nb5 Ra6 30. Rf2 Rc6 31. Rfd2 Rd8 32. Kf2 b6 33. h3 Bc8 34. a3 Ne6 35. b4 Ba6 36. Bb3 axb4 37. axb4 Bxb5 38. cxb5 Rc3 39. Bxe6 Kxe6 40. Rd3 Rc4 41. Rb3 Ra8 42. Rd2 Rd4 43. Rc2 Ra4 44. Rcb2 d5 45. exd5+ Rxd5 46. Rc3 Rxb5 47. Rc4 Rd5 48. Rc6+ Rd6 49. b5 Ra5 50. Rc8 Rd5 51. Rc6+ Rd6 52. Rc8 Ra4 53. Re8+ Kf7 54. Rxe5 Kf6 55. Re8 Rad4 56. Ke2 R4d5 57. Rc8 Ke5 58. Rc4 Rd4 59. Rc6 Kd5 60. Rbc2 Re6+ 61. Kf2 Rd1 62. g3 Rd4 1/2-1/2

[Event "Montcalm 6 2024-25"]
[Site "Quebec CAN"]
[Date "2025.04.03"]
[Round "2"]
[White "Gagnon, Alain"]
[Black "Laflamme, Simon"]
[Result "0-1"]
[WhiteElo "1627"]
[BlackElo "1855"]
[WhiteFideId "-1"]
[WhiteFideId "-1"]
[PlyCount "40"]
[GameId "2163250638119321"]
[EventDate "2025.03.27"]
[EventType "swiss"]
[EventRounds "5"]
[EventCountry "CAN"]

1. d4 d5 2. Nc3 Nf6 3. Bf4 a6 4. e3 h6 5. Bd3 c5 6. Bxb8 Rxb8 7. dxc5 e5 8. b4 b6 9. Qe2 bxc5 10. Bxa6 cxb4 11. Nd1 Qa5 12. Bxc8 Rxc8 13. Kf1 Qa4 14. Nb2 Qxc2 15. Qb5+ Qc6 16. Qxc6+ Rxc6 17. Nf3 Bd6 18. g3 Rc2 19. Nd1 Ke7 20. Kg2 Ra8 0-1

[Event "Montcalm 6 2024-25"]
[Site "Quebec CAN"]
[Date "2025.04.03"]
[Round "2"]
[White "Gaulin, Gaetan"]
[Black "Fecteau, Martin"]
[Result "1/2-1/2"]
[WhiteElo "1859"]
[BlackElo "1789"]
[WhiteFideId "-1"]
[WhiteFideId "-1"]
[PlyCount "84"]
[GameId "2163250638119317"]
[EventDate "2025.03.27"]
[EventType "swiss"]
[EventRounds "5"]
[EventCountry "CAN"]

1. Nf3 d5 2. g3 Nf6 3. Bg2 c5 4. O-O Nc6 5. d4 e6 6. c4 cxd4 7. Nxd4 Be7 8. Nc3 O-O 9. cxd5 exd5 10. Be3 Ne5 11. Bg5 Nc4 12. b3 Nb6 13. Qd3 g6 14. Rfd1 Bd7 15. Bxf6 Bxf6 16. Nxd5 Nxd5 17. Bxd5 Qb6 18. Rac1 Rad8 19. e4 a6 20. Kg2 Bc8 21. Nf3 Kh8 22. Qc4 Bg7 23. h3 Qf6 24. e5 Qe7 25. Re1 b5 26. Qc5 Qd7 27. e6 fxe6 28. Bxe6 Qb7 29. Rc3 Bxe6 30. Rxe6 Bxc3 31. Qxc3+ Qg7 32. Qxg7+ Kxg7 33. Rxa6 Ra8 34. Rb6 Rf5 35. Nd4 Rf7 36. Ne6+ Kh6 37. Nf4 Rf5 38. a4 bxa4 39. bxa4 Rxa4 40. h4 Rfxf4 41. gxf4 Rxf4 42. Kg3 Rf7 1/2-1/2

[Event "Montcalm 6 2024-25"]
[Site "Quebec CAN"]
[Date "2025.04.03"]
[Round "2"]
[White "Hasbun, Merick"]
[Black "Perreault, Jacquelin"]
[Result "1-0"]
[WhiteElo "1470"]
[BlackElo "1799"]
[WhiteFideId "-1"]
[WhiteFideId "-1"]
[PlyCount "41"]
[GameId "2163250638119320"]
[EventDate "2025.03.27"]
[EventType "swiss"]
[EventRounds "5"]
[EventCountry "CAN"]

1. e4 c5 2. c3 Nf6 3. e5 Nd5 4. Nf3 Nc6 5. d4 cxd4 6. Bc4 Nb6 7. Bb3 e6 8. cxd4 Be7 9. O-O d6 10. Qe2 O-O 11. Bf4 dxe5 12. dxe5 Bd7 13. Nc3 a6 14. Rfd1 Qc7 15. Bg3 Rad8 16. Ne4 Nb4 17. Nf6+ Kh8 18. Qe4 g6 19. Qh4 h5 20. Qg5 Kg7 21. Nxh5+ 1-0

[Event "Montcalm 6 2024-25"]
[Site "Quebec CAN"]
[Date "2025.04.03"]
[Round "2"]
[White "Michaud, Jacques"]
[Black "Fleury, Dominic"]
[Result "1-0"]
[WhiteElo "1488"]
[BlackElo "1325"]
[WhiteFideId "-1"]
[WhiteFideId "-1"]
[PlyCount "88"]
[GameId "2163250638119324"]
[EventDate "2025.03.27"]
[EventType "swiss"]
[EventRounds "5"]
[EventCountry "CAN"]

1. c4 e5 2. Nc3 Nf6 3. Nf3 Nc6 4. g3 Be7 5. Bg2 O-O 6. O-O d5 7. cxd5 Nxd5 8. h3 Be6 9. e3 Qd7 10. Kh2 f5 11. d3 f4 12. Nxd5 fxg3+ 13. fxg3 Bxd5 14. e4 Be6 15. Be3 h6 16. d4 exd4 17. Nxd4 Nxd4 18. Qxd4 b6 19. Qxd7 Bxd7 20. e5 Rae8 21. Bd5+ Kh8 22. Bf7 Bb5 23. Rf2 Rd8 24. a4 Be8 25. e6 Bxf7 26. exf7 Bf6 27. Bxh6 Rxf7 28. Raf1 gxh6 29. Rxf6 Rd2+ 30. Kg1 Rxf6 31. Rxf6 Kg7 32. Rc6 Rxb2 33. Rxc7+ Kg6 34. Rxa7 Kg5 35. a5 b5 36. a6 Rb1+ 37. Kf2 Rb2+ 38. Ke3 Rb3+ 39. Kd4 Kh5 40. Rd7 Ra3 41. a7 Ra6 42. Rd5+ Kg6 43. Rd7 Kf6 44. Kc5 Ke6 1-0

[Event "Montcalm 6 2024-25"]
[Site "Quebec CAN"]
[Date "2025.04.03"]
[Round "2"]
[White "Oliver, Vance"]
[Black "Gagne, Louis"]
[Result "1-0"]
[WhiteElo "1430"]
[BlackElo "1216"]
[WhiteFideId "-1"]
[WhiteFideId "-1"]
[PlyCount "67"]
[GameId "2163250638119327"]
[EventDate "2025.03.27"]
[EventType "swiss"]
[EventRounds "5"]
[EventCountry "CAN"]

1. e4 c6 2. d4 d5 3. e5 c5 4. c3 Nc6 5. Be2 Bf5 6. Nf3 cxd4 7. cxd4 e6 8. O-O Nge7 9. a3 a6 10. b4 Bg4 11. Be3 Nf5 12. Nc3 Nxe3 13. fxe3 Be7 14. h3 Bh5 15. Rc1 O-O 16. Na4 b5 17. Rxc6 bxa4 18. Qxa4 Qd7 19. Rfc1 Rfc8 20. Rxc8+ Rxc8 21. Qxd7 Rxc1+ 22. Kf2 Bf8 23. Qa7 h6 24. Qxa6 g5 25. b5 Ra1 26. a4 Bb4 27. g4 Bg6 28. b6 Be4 29. b7 Kg7 30. b8=Q Rb1 31. Qd8 Bxf3 32. Qf6+ Kg8 33. Qc8+ Bf8 34. Qxh6 1-0

[Event "Montcalm 6 2024-25"]
[Site "Quebec CAN"]
[Date "2025.04.03"]
[Round "2"]
[White "Plante, Rejean"]
[Black "Mercure, Gilbert"]
[Result "1-0"]
[WhiteElo "1991"]
[BlackElo "1807"]
[WhiteFideId "-1"]
[WhiteFideId "-1"]
[PlyCount "75"]
[GameId "2163250637988242"]
[EventDate "2025.03.27"]
[EventType "swiss"]
[EventRounds "5"]
[EventCountry "CAN"]

1. c4 e5 2. Nc3 c6 3. d4 Bb4 4. dxe5 Bxc3+ 5. bxc3 Qa5 6. Qd4 c5 7. Qd3 Nc6 8. Nf3 Nge7 9. Bf4 Ng6 10. Bg3 O-O 11. e3 Re8 12. Be2 Ncxe5 13. Nxe5 Nxe5 14. Bxe5 Rxe5 15. O-O Qc7 16. Rfd1 Re6 17. f4 d6 18. Bf3 Bd7 19. Bd5 Rf6 20. g3 Bg4 21. Re1 h5 22. e4 Re8 23. Rab1 b6 24. Re3 h4 25. Rf1 Qd7 26. gxh4 Rh6 27. f5 Qe7 28. Rg3 Qxh4 29. Qd2 Qh5 30. Rf4 Be2 31. Rf2 Bxc4 32. Bxc4 Rxe4 33. Bd3 Re5 34. f6 g5 35. Rfg2 Kf8 36. Be2 g4 37. Qxd6+ Ke8 38. Rxg4 1-0

[Event "Montcalm 6 2024-25"]
[Site "Quebec CAN"]
[Date "2025.04.03"]
[Round "2"]
[White "Savard, Alexandre"]
[Black "Bourassa, Samuel"]
[Result "1/2-1/2"]
[WhiteElo "1812"]
[BlackElo "1952"]
[WhiteFideId "-1"]
[WhiteFideId "-1"]
[PlyCount "39"]
[GameId "2163250638119315"]
[EventDate "2025.03.27"]
[EventType "swiss"]
[EventRounds "5"]
[EventCountry "CAN"]

1. d4 f5 2. Nc3 Nf6 3. Bf4 d6 4. Qd3 c6 5. e4 fxe4 6. Nxe4 Qb6 7. Nxf6+ gxf6 8. O-O-O Qa5 9. Qb3 e5 10. dxe5 fxe5 11. Bg3 Na6 12. Be2 Nc5 13. Bh5+ Kd8 14. Qf7 Bd7 15. Qf6+ Kc7 16. Kb1 Rg8 17. f3 Ne6 18. Bf7 Bg7 19. Qe7 Bf8 20. Qf6 1/2-1/2

[Event "Montcalm 6 2024-25"]
[Site "Quebec CAN"]
[Date "2025.04.03"]
[Round "2"]
[White "Simard, Rejean"]
[Black "Boissinot, Claude"]
[Result "0-1"]
[WhiteElo "999"]
[BlackElo "1431"]
[WhiteFideId "-1"]
[WhiteFideId "-1"]
[PlyCount "58"]
[GameId "2163250638119326"]
[EventDate "2025.03.27"]
[EventType "swiss"]
[EventRounds "5"]
[EventCountry "CAN"]

1. d4 Nf6 2. Nf3 e6 3. b3 Be7 4. e3 Nc6 5. a3 b6 6. Bd3 d5 7. Bb2 Bb7 8. O-O O-O 9. Nbd2 Bd6 10. c4 Re8 11. Qc2 h6 12. Rae1 e5 13. dxe5 Nxe5 14. Nxe5 Bxe5 15. Nf3 Bd6 16. h3 dxc4 17. bxc4 Bxf3 18. gxf3 Nh5 19. f4 Qh4 20. Bf5 g6 21. Bg4 f5 22. Bxf5 Nxf4 23. exf4 Qxf4 24. f3 Qxf5 25. Qxf5 gxf5 26. a4 Kf7 27. Bc3 Rg8+ 28. Kf2 Bg3+ 29. Ke2 Bxe1 0-1

[Event "Montcalm 6 2024-25"]
[Site "Quebec CAN"]
[Date "2025.04.03"]
[Round "2"]
[White "Thibeault Page, Etienne"]
[Black "Mungroo, Dharmein"]
[Result "1-0"]
[WhiteElo "1288"]
[BlackElo "1503"]
[WhiteFideId "-1"]
[WhiteFideId "-1"]
[PlyCount "141"]
[GameId "2163250638119323"]
[EventDate "2025.03.27"]
[EventType "swiss"]
[EventRounds "5"]
[EventCountry "CAN"]

1. e4 d5 2. exd5 Qxd5 3. Nc3 Qa5 4. Nf3 Bg4 5. Be2 Bxf3 6. Bxf3 c6 7. d4 Nf6 8. Bf4 e6 9. a3 Be7 10. b4 Qd8 11. Ne2 Nd5 12. c4 Nxf4 13. Nxf4 Qc7 14. Nd3 Nd7 15. Qe2 Bf6 16. Qe4 Nf8 17. c5 Ng6 18. Rc1 O-O 19. Bh5 Rad8 20. Bxg6 hxg6 21. Rc4 g5 22. Ne5 Rd5 23. Ng4 Qf4 24. Qxf4 gxf4 25. Nxf6+ gxf6 26. h4 Rfd8 27. h5 e5 28. h6 Kh7 29. Ke2 Rxd4 30. Rxd4 Rxd4 31. f3 f5 32. Rh5 e4 33. Rxf5 e3 34. Rxf7+ Kxh6 35. Ke1 Rc4 36. Rxb7 Rc2 37. Rc7 Rxg2 38. Rxc6+ Kg5 39. Re6 Kf5 40. Rd6 Ke5 41. Rd3 a6 42. Rd1 Ra2 43. Rc1 Rh2 44. Rd1 Rc2 45. Rd6 Rc1+ 46. Ke2 Rc3 47. Rxa6 Kd4 48. Rd6+ Kc4 49. c6 Rc2+ 50. Ke1 Kb5 51. Rd4 Kxc6 52. Rxf4 Kb5 53. Re4 Rc3 54. Ke2 Rxa3 55. Rxe3 Ra2+ 56. Kd3 Kxb4 57. Re4+ Kc5 58. f4 Kd5 59. Re5+ Kd6 60. Ke4 Ra7 61. Kf5 Rf7+ 62. Kg5 Rf8 63. Rf5 Ke7 64. Re5+ Kf7 65. Rf5+ Kg7 66. Rxf8 Kxf8 67. Kf6 Kg8 68. Ke7 Kg7 69. f5 Kg8 70. f6 Kh8 71. f7 1-0

[Event "Montcalm 6 2024-25"]
[Site "Quebec CAN"]
[Date "2025.04.10"]
[Round "3"]
[White "Auger, Bertrand"]
[Black "Plante, Rejean"]
[Result "1-0"]
[WhiteElo "1835"]
[BlackElo "1991"]
[WhiteFideId "-1"]
[WhiteFideId "-1"]
[PlyCount "43"]
[GameId "2166194220661317"]
[EventDate "2025.03.27"]
[EventType "swiss"]
[EventRounds "5"]
[EventCountry "CAN"]

1. Nf3 c5 2. b3 Nf6 3. g3 g6 4. c4 Bg7 5. Bb2 O-O 6. Bg2 Nc6 7. O-O d6 8. d4 cxd4 9. Nxd4 Bd7 10. Nc3 Re8 11. e3 Qc8 12. Nd5 Ne5 13. f4 Neg4 14. Qd2 e5 15. Nxf6+ Bxf6 16. fxe5 Bxe5 17. h3 Nf6 18. g4 Kg7 19. Rf2 Rf8 20. Raf1 h6 21. Rxf6 Bxf6 22. Rxf6 1-0

[Event "Montcalm 6 2024-25"]
[Site "Quebec CAN"]
[Date "2025.04.10"]
[Round "3"]
[White "Barrera, Eduardo"]
[Black "Savard, Alexandre"]
[Result "1-0"]
[WhiteElo "1952"]
[BlackElo "1812"]
[WhiteFideId "-1"]
[WhiteFideId "-1"]
[PlyCount "67"]
[GameId "2166194220694088"]
[EventDate "2025.03.27"]
[EventType "swiss"]
[EventRounds "5"]
[EventCountry "CAN"]

1. e4 c5 2. Nf3 d6 3. d4 cxd4 4. Nxd4 Nf6 5. Nc3 a6 6. Bg5 e6 7. f4 Be7 8. Qf3 Qc7 9. O-O-O Nbd7 10. Kb1 b5 11. Bd3 Bb7 12. Rhe1 Qb6 13. Nce2 Nc5 14. Ng3 Rc8 15. f5 e5 16. Bxf6 Bxf6 17. Nde2 Na4 18. Nh5 b4 19. g4 Nc3+ 20. Nxc3 bxc3 21. Nxf6+ gxf6 22. b3 Qb4 23. Qe3 Rc5 24. Qc1 Ke7 25. a3 Qb6 26. g5 Ra5 27. gxf6+ Kxf6 28. Bc4 Rc8 29. Qh6+ Ke7 30. Bxf7 Rxa3 31. Qe6+ Kf8 32. Rg1 Rxb3+ 33. Qxb3 Qxb3+ 34. Bxb3 1-0

[Event "Montcalm 6 2024-25"]
[Site "Quebec CAN"]
[Date "2025.04.10"]
[Round "3"]
[White "Boissinot, Claude"]
[Black "Bergeron, Nicolas"]
[Result "1-0"]
[WhiteElo "1431"]
[BlackElo "1676"]
[WhiteFideId "-1"]
[WhiteFideId "-1"]
[PlyCount "33"]
[GameId "2166194220710479"]
[EventDate "2025.03.27"]
[EventType "swiss"]
[EventRounds "5"]
[EventCountry "CAN"]

1. e4 c5 2. d4 cxd4 3. c3 dxc3 4. Nxc3 Nc6 5. Nf3 e6 6. Bc4 Bb4 7. Qe2 Nge7 8. O-O a6 9. Rd1 d6 10. Be3 Qc7 11. Rac1 O-O 12. Bd3 Qb8 13. e5 Nxe5 14. Bxh7+ Kh8 15. Nxe5 dxe5 16. Qh5 Bxc3 17. Bg6+ 1-0

[Event "Montcalm 6 2024-25"]
[Site "Quebec CAN"]
[Date "2025.04.10"]
[Round "3"]
[White "Bourassa, Samuel"]
[Black "Dube, Dominic"]
[Result "1-0"]
[WhiteElo "1952"]
[BlackElo "1807"]
[WhiteFideId "-1"]
[WhiteFideId "-1"]
[PlyCount "59"]
[GameId "2166194220694087"]
[EventDate "2025.03.27"]
[EventType "swiss"]
[EventRounds "5"]
[EventCountry "CAN"]

1. e4 c6 2. d4 d5 3. Nc3 dxe4 4. Nxe4 Bf5 5. Ng3 Bg6 6. h4 h6 7. Nf3 Nd7 8. h5 Bh7 9. Bd3 Bxd3 10. Qxd3 e6 11. Bd2 Ngf6 12. O-O-O Qc7 13. Nf1 O-O-O 14. Ne3 Nb6 15. Ba5 Nfd5 16. c4 Nxe3 17. fxe3 c5 18. b4 cxb4 19. Kb1 Kb8 20. Rc1 Rc8 21. c5 Qd8 22. Ne5 Rg8 23. cxb6 Rxc1+ 24. Rxc1 axb6 25. Bxb6 Qe8 26. Qc2 Bd6 27. Bc7+ Bxc7 28. Qxc7+ Ka8 29. Rc5 b5 30. Nc6 1-0

[Event "Montcalm 6 2024-25"]
[Site "Quebec CAN"]
[Date "2025.04.10"]
[Round "3"]
[White "Demushkina, Alina"]
[Black "Oliver, Vance"]
[Result "1-0"]
[WhiteElo "1684"]
[BlackElo "1430"]
[WhiteFideId "-1"]
[WhiteFideId "-1"]
[PlyCount "79"]
[GameId "2166194220702286"]
[EventDate "2025.03.27"]
[EventType "swiss"]
[EventRounds "5"]
[EventCountry "CAN"]

1. e4 d6 2. d4 Nf6 3. Nc3 g6 4. Nf3 Bg7 5. h3 O-O 6. Bg5 c5 7. dxc5 Qa5 8. Bd3 Qxc5 9. Qd2 Bd7 10. Bh6 Bc6 11. Bxg7 Kxg7 12. O-O Nbd7 13. a3 a5 14. Rfe1 Rfd8 15. Rab1 Ne5 16. Nxe5 Qxe5 17. f4 Qd4+ 18. Kh2 d5 19. exd5 Bxd5 20. Rxe7 Bc6 21. Rbe1 b5 22. Qe3 Rab8 23. Qxd4 Rxd4 24. g3 b4 25. axb4 Rdxb4 26. b3 Ra8 27. Bc4 Rxc4 28. bxc4 a4 29. Ra1 a3 30. Rc7 Ra6 31. Ra2 Ne4 32. Nxe4 Bxe4 33. Re7 Bf5 34. Re3 Rc6 35. Rc3 Be6 36. Raxa3 Bxc4 37. Ra4 Bb5 38. Rxc6 Bxc6 39. Rd4 Kf6 40. Rd6+ 1-0

[Event "Montcalm 6 2024-25"]
[Site "Quebec CAN"]
[Date "2025.04.10"]
[Round "3"]
[White "Duguay-Piron, Simon"]
[Black "Fahmi, Adam"]
[Result "0-1"]
[WhiteElo "1897"]
[BlackElo "1641"]
[WhiteFideId "-1"]
[WhiteFideId "-1"]
[PlyCount "69"]
[GameId "2166194220698185"]
[EventDate "2025.03.27"]
[EventType "swiss"]
[EventRounds "5"]
[EventCountry "CAN"]

1. e4 c5 2. Nf3 Nc6 3. d4 cxd4 4. Nxd4 Nf6 5. Nc3 e5 6. Ndb5 d6 7. Nd5 Nxd5 8. exd5 Nb8 9. c4 Be7 10. Be3 O-O 11. Bd3 Nd7 12. O-O f5 13. f3 a6 14. Nc3 Bg5 15. Bf2 Qf6 16. Qc2 Nc5 17. b4 Nxd3 18. Qxd3 a5 19. Rab1 axb4 20. Rxb4 Qh6 21. Rb6 Bf4 22. g3 e4 23. fxe4 fxe4 24. Nxe4 Be5 25. Qe2 Qg6 26. Nc5 Bg4 27. Qd2 Bh3 28. Re1 Qf6 29. Qe2 Qf5 30. Ne4 Rxa2 31. Qe3 Bd4 32. Qf4 Qxf4 33. gxf4 Rxf2 34. Nxf2 Bxb6 35. Re4 0-1

[Event "Montcalm 6 2024-25"]
[Site "Quebec CAN"]
[Date "2025.04.10"]
[Round "3"]
[White "Dumont, Eric"]
[Black "Michaud, Jacques"]
[Result "1-0"]
[WhiteElo "1695"]
[BlackElo "1488"]
[WhiteFideId "-1"]
[WhiteFideId "-1"]
[PlyCount "69"]
[GameId "2166194220702285"]
[EventDate "2025.03.27"]
[EventType "swiss"]
[EventRounds "5"]
[EventCountry "CAN"]

1. d4 Nf6 2. Bf4 c5 3. e3 Qa5+ 4. c3 cxd4 5. exd4 d5 6. Bd3 Nc6 7. Nf3 Bg4 8. O-O e6 9. Nbd2 Qd8 10. Qb3 Qd7 11. Ne5 Nxe5 12. dxe5 a6 13. exf6 gxf6 14. Rfe1 Be7 15. Nf1 e5 16. Bg3 Be6 17. Rad1 h5 18. h4 Bc5 19. c4 Bd4 20. cxd5 Bxd5 21. Bc4 Bc6 22. Rxd4 Qxd4 23. Bxf7+ Kf8 24. Qe6 Kg7 25. Ne3 Be4 26. Qe7 Raf8 27. Bd5+ Kh6 28. Bxe4 Qxe4 29. Qd7 f5 30. Qe6+ Kh7 31. Bxe5 Rhg8 32. Qe7+ Kh6 33. Bg7+ Rxg7 34. Qxf8 f4 35. Nf5+ 1-0

[Event "Montcalm 6 2024-25"]
[Site "Quebec CAN"]
[Date "2025.04.10"]
[Round "3"]
[White "Fleury, Dominic"]
[Black "Simard, Rejean"]
[Result "1-0"]
[WhiteElo "1325"]
[BlackElo "999"]
[WhiteFideId "-1"]
[WhiteFideId "-1"]
[PlyCount "63"]
[GameId "2166194220714579"]
[EventDate "2025.03.27"]
[EventType "swiss"]
[EventRounds "5"]
[EventCountry "CAN"]

1. e4 e6 2. d4 d5 3. e5 g6 4. Bd3 Bg7 5. Nf3 Nc6 6. c3 b6 7. Nbd2 Bb7 8. b4 Nce7 9. Nb3 Nf5 10. O-O Nge7 11. Qc2 O-O 12. Re1 Qc8 13. Bg5 Qd7 14. Bxf5 Nxf5 15. Rac1 c6 16. h4 h5 17. g3 Rac8 18. Qd2 f6 19. exf6 Bxf6 20. Bxf6 Rxf6 21. Qg5 Qg7 22. Ne5 Rc7 23. Re2 Bc8 24. Rce1 Ne7 25. f3 Rf5 26. Qd2 g5 27. g4 hxg4 28. fxg4 gxh4 29. Kh2 Rg5 30. Nc1 Ng6 31. Qxg5 Nxe5 32. Rxe5 1-0

[Event "Montcalm 6 2024-25"]
[Site "Quebec CAN"]
[Date "2025.04.10"]
[Round "3"]
[White "Fortin, Claude"]
[Black "Pepin, Pierre-Luc"]
[Result "1-0"]
[WhiteElo "1471"]
[BlackElo "1015"]
[WhiteFideId "-1"]
[WhiteFideId "-1"]
[PlyCount "99"]
[GameId "2166194220710482"]
[EventDate "2025.03.27"]
[EventType "swiss"]
[EventRounds "5"]
[EventCountry "CAN"]

1. e4 e6 2. d4 d5 3. exd5 exd5 4. Nf3 Nf6 5. Be2 a6 6. O-O Be7 7. c3 O-O 8. Bf4 Nbd7 9. Nbd2 Nb6 10. h3 Bd6 11. Bg5 Re8 12. Bd3 Be6 13. Qc2 g6 14. Rae1 Be7 15. Re2 Qd7 16. Ne5 Qd8 17. Rfe1 Kg7 18. f4 Qd6 19. f5 Bxf5 20. Bxf5 gxf5 21. Qxf5 Qe6 22. Qxe6 fxe6 23. g4 h6 24. Bh4 Nh7 25. Bxe7 Rxe7 26. Kg2 Nf8 27. Kg3 Nbd7 28. Nxd7 Rxd7 29. Nf3 Re7 30. Ne5 Rae8 31. h4 Ng6 32. Nxg6 Kxg6 33. Re5 Kf7 34. Rf1+ Kg6 35. h5+ Kg7 36. Kh4 Kh7 37. Rf6 Kg7 38. Rg6+ Kh7 39. g5 hxg5+ 40. Kxg5 Kh8 41. Kf6 Kh7 42. Reg5 Kh8 43. h6 Rd7 44. Rg7 Rxg7 45. Rxg7 Rd8 46. Rxc7 Rb8 47. Kxe6 Rd8 48. Rxb7 a5 49. Rb5 a4 50. Rxd5 1-0

[Event "Montcalm 6 2024-25"]
[Site "Quebec CAN"]
[Date "2025.04.10"]
[Round "3"]
[White "Hasbun, Merick"]
[Black "Gaulin, Gaetan"]
[Result "1/2-1/2"]
[WhiteElo "1470"]
[BlackElo "1859"]
[WhiteFideId "-1"]
[WhiteFideId "-1"]
[PlyCount "56"]
[GameId "2166194220698186"]
[EventDate "2025.03.27"]
[EventType "swiss"]
[EventRounds "5"]
[EventCountry "CAN"]

1. e4 e6 2. b3 d5 3. Bb2 Nf6 4. Qe2 dxe4 5. Nc3 Be7 6. g4 h6 7. O-O-O Nc6 8. Nxe4 O-O 9. h4 Nxe4 10. Qxe4 Qd5 11. Bd3 Qxe4 12. Bxe4 Bd7 13. f4 Bd6 14. Ne2 Rae8 15. h5 e5 16. g5 exf4 17. gxh6 Rxe4 18. hxg7 Rfe8 19. h6 Kh7 20. Rdg1 Ne7 21. g8=Q+ Rxg8 22. Rg7+ Rxg7 23. hxg7+ Kg6 24. Rg1+ Kh7 25. Rh1+ Kg6 26. Rg1+ Kh7 27. Rh1+ Kg6 28. Rg1+ Kh7 1/2-1/2

[Event "Montcalm 6 2024-25"]
[Site "Quebec CAN"]
[Date "2025.04.10"]
[Round "3"]
[White "Laflamme, Simon"]
[Black "Fecteau, Martin"]
[Result "1/2-1/2"]
[WhiteElo "1855"]
[BlackElo "1789"]
[WhiteFideId "-1"]
[WhiteFideId "-1"]
[PlyCount "110"]
[GameId "2166194220702283"]
[EventDate "2025.03.27"]
[EventType "swiss"]
[EventRounds "5"]
[EventCountry "CAN"]

1. d4 d5 2. c4 e6 3. Nc3 Nf6 4. cxd5 exd5 5. Bg5 Be7 6. e3 h6 7. Bh4 c6 8. Bd3 Qb6 9. Qc2 Na6 10. a3 Nb8 11. Nf3 Nbd7 12. b4 a6 13. h3 O-O 14. O-O Re8 15. Bg3 Nf8 16. Ne5 N6h7 17. f4 Nf6 18. Rae1 Bd7 19. Na4 Qc7 20. Nc5 Rad8 21. Bh4 Bc8 22. g4 N6d7 23. Bg3 Qb8 24. Qf2 Bd6 25. Nb3 f6 26. Ng6 Nxg6 27. Bxg6 Re7 28. Bh4 Nf8 29. Bd3 g5 30. Bg3 Rde8 31. Re2 Qc7 32. Kg2 Rf7 33. f5 Bxg3 34. Qxg3 Qxg3+ 35. Kxg3 Rfe7 36. Kf3 b6 37. Rc1 Bb7 38. Rc3 Nd7 39. Kf2 Ra8 40. Rec2 Rae8 41. Bf1 Nb8 42. Be2 Bc8 43. Bf1 h5 44. Bg2 Rd8 45. Rc1 hxg4 46. hxg4 Rh7 47. Rh1 Rxh1 48. Bxh1 Kg7 49. Bg2 Rh8 50. Kg3 Kf7 51. Bf3 Ke7 52. a4 Kd6 53. Bg2 Nd7 54. Bf3 Bb7 55. Bg2 Rc8 1/2-1/2

[Event "Montcalm 6 2024-25"]
[Site "Quebec CAN"]
[Date "2025.04.10"]
[Round "3"]
[White "Mercure, Gilbert"]
[Black "Tremblay, Noah"]
[Result "0-1"]
[WhiteElo "1807"]
[BlackElo "1646"]
[WhiteFideId "-1"]
[WhiteFideId "-1"]
[PlyCount "82"]
[GameId "2166194220702284"]
[EventDate "2025.03.27"]
[EventType "swiss"]
[EventRounds "5"]
[EventCountry "CAN"]

1. e4 e5 2. Nf3 Nc6 3. Bc4 Nf6 4. Ng5 d5 5. exd5 Na5 6. Bb5+ Bd7 7. Qe2 Be7 8. O-O Nxd5 9. Bxd7+ Qxd7 10. d3 f6 11. Nh3 O-O-O 12. Nd2 g5 13. f3 Bc5+ 14. Kh1 Ne3 15. Nb3 Nxb3 16. Bxe3 Bxe3 17. axb3 Bb6 18. Nf2 Qe7 19. Ra4 h5 20. Nd1 Qe6 21. Ne3 a6 22. Nc4 Ba7 23. Rfa1 g4 24. Na5 f5 25. f4 Rde8 26. Rb4 exf4 27. Qxe6+ Rxe6 28. Rxf4 Re2 29. Rxf5 Rxc2 30. Raf1 Rxb2 31. Nc4 Rxb3 32. Ne5 b5 33. Nc6 Bb6 34. Rd5 Rc3 35. Ne7+ Kb7 36. Rd7 Rf8 37. Rd1 Rf7 38. Re1 Bc5 39. Rxc7+ Kxc7 40. Nd5+ Kd7 41. d4 Rd3 0-1

[Event "Montcalm 6 2024-25"]
[Site "Quebec CAN"]
[Date "2025.04.10"]
[Round "3"]
[White "Perreault, Jacquelin"]
[Black "Thibeault Page, Etienne"]
[Result "1-0"]
[WhiteElo "1799"]
[BlackElo "1288"]
[WhiteFideId "-1"]
[WhiteFideId "-1"]
[PlyCount "115"]
[GameId "2166194220710480"]
[EventDate "2025.03.27"]
[EventType "swiss"]
[EventRounds "5"]
[EventCountry "CAN"]

1. e4 e5 2. Nf3 Nc6 3. Bb5 a6 4. Ba4 b5 5. Bb3 h6 6. O-O Nf6 7. Re1 Bc5 8. c3 d6 9. d4 Bb6 10. h3 Bb7 11. Nbd2 O-O 12. Nf1 Re8 13. Ng3 a5 14. Bd2 Nd7 15. Nf5 Ne7 16. Nxg7 Kxg7 17. Bxh6+ Kxh6 18. Qd2+ Kg7 19. Nh4 Ng6 20. Nf5+ Kg8 21. Qh6 Qf6 22. Re3 Qh8 23. Qg5 Re6 24. h4 Qh7 25. h5 Rae8 26. Rh3 Ndf8 27. d5 f6 28. Qg4 R6e7 29. hxg6 Qxg6 30. Qf3 Kf7 31. Rh6 Qg5 32. Rh5 Qg6 33. Qh3 Rd8 34. Rh4 Ke8 35. Rg4 Qh7 36. Nxe7 Qxh3 37. gxh3 Kxe7 38. Rg7+ Ke8 39. Bd1 Rd7 40. Bh5+ Kd8 41. Rg8 Ke7 42. Bg4 Rd8 43. Rg7+ Ke8 44. Bh5+ Ng6 45. Rxg6 Kf8 46. Rxf6+ Kg7 47. Rf7+ Kh6 48. Bg4 Rg8 49. Kh2 Bc8 50. Bxc8 Rxc8 51. Rg1 Re8 52. Rg4 Bxf2 53. Rxf2 Kh5 54. Rf7 Rh8 55. Rf5+ Kh6 56. Rh4+ Kg7 57. Rxh8 Kxh8 58. Rf7 1-0

[Event "Montcalm 6 2024-25"]
[Site "Quebec CAN"]
[Date "2025.04.10"]
[Round "3"]
[White "Sauve, Richard"]
[Black "Berube, Antoine"]
[Result "0-1"]
[WhiteElo "1832"]
[BlackElo "2158"]
[WhiteFideId "-1"]
[WhiteFideId "-1"]
[PlyCount "38"]
[GameId "2166194220694086"]
[EventDate "2025.03.27"]
[EventType "swiss"]
[EventRounds "5"]
[EventCountry "CAN"]

1. d4 d5 2. c4 e6 3. Nc3 a6 4. Nf3 dxc4 5. a4 Nc6 6. e3 Na5 7. Nd2 Nf6 8. Nxc4 c5 9. Nxa5 Qxa5 10. Bd2 cxd4 11. Nb5 Bb4 12. Nxd4 Ne4 13. Nb3 Qf5 14. f3 Nxd2 15. Nxd2 O-O 16. Qb3 Qa5 17. Rd1 Bd7 18. Qd3 Rfd8 19. Kf2 Bxa4 0-1